Çevre psikolojisi (Record no. 10220)

MARC details
000 -BAŞLIK
Sabit Uzunlukta Kontrol Alanı 00854na a2200277 4500
001 - KONTROL NUMARASI
Denetim Alanı 12861
003 - KONTROL NUMARASI IDENTIFIER
Denetim Alanı MIRAKIL
005 - SON İŞLEM TARİHİ VE ZAMANI
Denetim Alanı 20181213155311.0
008 - SABİT-BOY VERİ ELEMANLARI - GENEL BİLGİLER
Sabit Uzunlukta Kontrol Alanı 160827b tu 000 0
020 ## - ULUSLARARASI STANDART KİTAP NUMARASI
Uluslararası Standart Kitap Numarası 9786053991717
035 ## - SİSTEM KONTROL NUMARASI
Sistem Kontrol Numarası 12861
040 ## - KATALOGLAMA KAYNAK
Orijinal Kataloglama Ajansı Milas
Kataloglama Dili tur
Metne Dönüştürmek Ajansı TR-AnCHP
082 ## - DEWEY ONLU SINIFLANDIRMA NUMARASI
Sınıflandırma Numarası 155.9
Ürün Numarası G76ç 2010
090 ## - SINIFLAMA NUMARASI
Sınıflama Numarası 155.9 G76ç 2010
100 ## - ANA GİRİŞ - KİŞİSEL İSİM
Kişisel Ad Göregenli, Melek
245 ## - BAŞLIK TABLOSU
Başlık Çevre psikolojisi
Başlığın Kalan insan mekan ilişkileri
Sorumluluk Tablosu, Vb Melek Göregenli ; editör Murat Paker
246 ## - UNVAN FORM VARYING
Başlık Doğru / Kısa Başlığı İnsan mekan ilişkileri
260 ## - YAYIN, DAĞITIM, VB
Yayın, Dağıtım, Vb Yeri İstanbul
Yayıncı, Dağıtıcı, Vs Adı İstanbul Bilgi Üniversitesi Yayınları
Yayın, Dağıtım, Vb Tarihi 2010
300 ## - FİZİKSEL TANIM
Kapsam X, 249
Diğer Fiziksel Ayrıntıları tbl. ; res.
Boyutlar 23 sm
490 ## - SERİSİ TABLOSU
Seri Beyanı Psikanaliz/Psikoloji dizisi
Hacim / Ardışık Tanımı 4
490 ## - SERİSİ TABLOSU
Seri Beyanı İstanbul Bilgi Üniversitesi yayınları
Hacim / Ardışık Tanımı 317
504 ## - KAYNAKÇA VB NOT
Kaynakça Vb Notu Kaynakça var
650 ## - KONU KATMA GİRİŞ - TOPİKAL DÖNEM
Topikal Süreli Veya Coğrafi Ad Giriş Elemanı Çevre psikolojisi
700 ## - KATMA GİRİŞ - KİŞİSEL İSİM
Kişisel Ad Paker, Murat
942 ## - EKLENDİ GİRİŞ ELEMANLARI (KOHA)
Sınıflandırma Veya Raf Düzeni Kaynak Dewey Decimal Classification
Koha Öğesi Türü Books
999 ## - SİSTEM KONTROL NUMARALARI (KOHA)
Koha Biblionumber 10220
Koha Biblioitemnumber 10220
Holdings
Kalıcı Konum Mevcut Konum Edinme Tarihi Edinim Kaynak Toplam Check-Out'Lar Tam Çağrı Numarası Barkod Tarih Son Görülme İtibaren Geçerli Fiyatlar Koha Öğesi Türü
CHP Kütüphanesi CHP Kütüphanesi 08/02/2016 Bağış   155.9 G76ç 2010 000197 08/02/2016 08/02/2016 Books